| 000 | 00525nam a2200193 a 4500 | ||
|---|---|---|---|
| 001 | 1756184587976 | ||
| 003 | ACL | ||
| 005 | 20250826103837.0 | ||
| 008 | 250826s1991##################000#0#eng## | ||
| 020 | _a9780486269283 | ||
| 082 | 0 | 4 |
_a748.50222 _bWAL |
| 100 | 1 |
_aWallach, Joel, _eauthor. |
|
| 245 | 1 | 0 | _a162 Traditional and Contemporary Designs for Stained Glass Projects : |
| 260 |
_bCourier Corporation, _c1991. |
||
| 300 | _a70 pages | ||
| 650 | 0 | _aCrafts & Hobbies. | |
| 942 | _cENGLISH | ||
| 040 |
_aACL _beng _cACL |
||
| 999 |
_c583958 _d583958 |
||